|
|
|
|
| LEADER |
01260nam a2200277 a 4500 |
| 001 |
3968671 |
| 008 |
090720r20081992bg a b 001 0 eng d |
| 020 |
|
|
|a 9843213394 (pbk.)
|
| 040 |
|
|
|a NNC-M
|c NNC-M
|
| 082 |
0 |
0 |
|a 362.1/2/095492
|2 20
|
| 245 |
0 |
0 |
|a Textbook of community medicine and public health /
|c edited by K.M. Rashid, Md. Khabiruddin, Sayeed Hyder.
|
| 260 |
|
|
|a Dhaka, Bangladesh :
|b RHM Publishers,
|c 1992 [reprinted 2008].
|
| 300 |
|
|
|a xiv, 591 pages :
|b illustrations ;
|c 28 cm.
|
| 504 |
|
|
|a Includes bibliographical references and index.
|
| 526 |
|
|
|x Salim khan
Sr. program Associate
James P. Grant School.
Course name and no. N/A
|
| 541 |
1 |
|
|a Book view
|e 00018391
|
| 650 |
|
0 |
|a Community health services
|z Bangladesh
|9 16001
|
| 650 |
|
0 |
|a Public Health
|z Bangladesh.
|
| 650 |
|
0 |
|a Developing Countries.
|
| 700 |
1 |
|
|a Rashid, K. M.
|9 57660
|
| 700 |
1 |
|
|a Khabiruddin, Md.
|9 57661
|
| 700 |
1 |
|
|a Hyder, Sayeed.
|9 57662
|
| 852 |
4 |
|
|a School of Public Health.
|
| 942 |
|
|
|2 ddc
|c BK
|
| 999 |
|
|
|c 2652
|d 2652
|
| 952 |
|
|
|0 0
|1 0
|2 ddc
|4 0
|6 362_120954920000000_TEX
|7 0
|9 2436
|a JPGSPH
|b JPGSPH
|d 2009-07-22
|e Book View
|g 750.00
|l 0
|o 362.12095492 TEX
|p 3010018391
|r 2009-07-22
|t 1
|y BK
|x Requisitioned by Salim khan, Sr. program Associate, James P. Grant School. Course name and no. N/A
|